K-Theory for Group C*-Algebras and Semigroup C*-Algebras

This book gives an account of the necessary background for group algebras and crossed products for actions of a group or a semigroup on a space and reports on some very recently developed techniques with applications to particular examples. Much of the material is available here for the first time i...

Full description

Main Authors: Cuntz, Joachim. (Author, http://id.loc.gov/vocabulary/relators/aut), Echterhoff, Siegfried. (http://id.loc.gov/vocabulary/relators/aut), Li, Xin. (http://id.loc.gov/vocabulary/relators/aut), Yu, Guoliang. (http://id.loc.gov/vocabulary/relators/aut)
Corporate Author: SpringerLink (Online service)
Language:English
Published: Cham : Springer International Publishing : Imprint: Birkhäuser, 2017.
Edition:1st ed. 2017.
Series:Oberwolfach Seminars, 47
Subjects:
Online Access:https://doi.org/10.1007/978-3-319-59915-1
LEADER 02898nam a22005415i 4500
001 978-3-319-59915-1
003 DE-He213
005 20210619161156.0
007 cr nn 008mamaa
008 171026s2017 gw | s |||| 0|eng d
020 |a 9783319599151  |9 978-3-319-59915-1 
024 7 |a 10.1007/978-3-319-59915-1  |2 doi 
050 4 |a QA612.33 
072 7 |a PBPD  |2 bicssc 
072 7 |a MAT002010  |2 bisacsh 
072 7 |a PBPD  |2 thema 
082 0 4 |a 512.66  |2 23 
100 1 |a Cuntz, Joachim.  |e author.  |4 aut  |4 http://id.loc.gov/vocabulary/relators/aut 
245 1 0 |a K-Theory for Group C*-Algebras and Semigroup C*-Algebras  |h [electronic resource] /  |c by Joachim Cuntz, Siegfried Echterhoff, Xin Li, Guoliang Yu. 
250 |a 1st ed. 2017. 
264 1 |a Cham :  |b Springer International Publishing :  |b Imprint: Birkhäuser,  |c 2017. 
300 |a X, 322 p.  |b online resource. 
336 |a text  |b txt  |2 rdacontent 
337 |a computer  |b c  |2 rdamedia 
338 |a online resource  |b cr  |2 rdacarrier 
347 |a text file  |b PDF  |2 rda 
490 1 |a Oberwolfach Seminars,  |x 1661-237X ;  |v 47 
520 |a This book gives an account of the necessary background for group algebras and crossed products for actions of a group or a semigroup on a space and reports on some very recently developed techniques with applications to particular examples. Much of the material is available here for the first time in book form. The topics discussed are among the most classical and intensely studied C*-algebras. They are important for applications in fields as diverse as the theory of unitary group representations, index theory, the topology of manifolds or ergodic theory of group actions. 
650 0 |a K-theory. 
650 0 |a Functional analysis. 
650 0 |a Global analysis (Mathematics). 
650 0 |a Manifolds (Mathematics). 
650 1 4 |a K-Theory.  |0 https://scigraph.springernature.com/ontologies/product-market-codes/M11086 
650 2 4 |a Functional Analysis.  |0 https://scigraph.springernature.com/ontologies/product-market-codes/M12066 
650 2 4 |a Global Analysis and Analysis on Manifolds.  |0 https://scigraph.springernature.com/ontologies/product-market-codes/M12082 
700 1 |a Echterhoff, Siegfried.  |e author.  |4 aut  |4 http://id.loc.gov/vocabulary/relators/aut 
700 1 |a Li, Xin.  |e author.  |4 aut  |4 http://id.loc.gov/vocabulary/relators/aut 
700 1 |a Yu, Guoliang.  |e author.  |4 aut  |4 http://id.loc.gov/vocabulary/relators/aut 
710 2 |a SpringerLink (Online service) 
773 0 |t Springer Nature eBook 
776 0 8 |i Printed edition:  |z 9783319599144 
776 0 8 |i Printed edition:  |z 9783319599168 
830 0 |a Oberwolfach Seminars,  |x 1661-237X ;  |v 47 
856 4 0 |u https://doi.org/10.1007/978-3-319-59915-1 
912 |a ZDB-2-SMA 
912 |a ZDB-2-SXMS 
950 |a Mathematics and Statistics (SpringerNature-11649) 
950 |a Mathematics and Statistics (R0) (SpringerNature-43713)